Guess the country without vowels. - Statistics

General Stats
  • This quiz has been taken 28 times
  • The average score is 19 of 20
Answer Stats
Hint Answer % Correct
Br_z_l Brazil
100%
Ch_l_ Chile
100%
N_g_r Niger
100%
P_l_nd Poland
100%
S_ng_p_r_ Singapore
100%
S_d_n Sudan
100%
Sw_d_n Sweden
100%
Ch_d Chad
96%
_r_n Iran
96%
_r_q Iraq
96%
M_r_cc_ Morocco
96%
Sr_ L_nk_ Sri Lanka
96%
B_l_r_s Belarus
93%
M_nt_n_gr_ Montenegro
93%
T_rkm_n_st_n Turkmenistan
93%
_zb_k_st_n Uzbekistan
93%
M_l_w_ Malawi
85%
_g_nd_ Uganda
85%
_ng_l_ Angola
78%
C_m_r_s Comoros
74%
No matching quizzes found
Score Distribution
Percent of People with Each Score
Percentile by Number Answered
Your Score History
You have not taken this quiz